00457cam a22001452 4500001001100000005001700011008004100028020002600069040001500095100003800110245009200148260002800240300001100268700003200279000000744820151217160113.0080205s xx 000 0 eng d a0752866370 :cKES 690 aKABUcKABU1 aGoscinny,d1926-1977.@000000169410aAsterix and the laurel wreath /cwritten by Rene Goscinny and illus. by Albert Uderzo. aLondon :bOrion,c2004. a48 p.1 aUderzo, Albert.@0000158662